|
|
|
|
| LEADER |
01851nam a2200409 i 4500 |
| 001 |
EBC1531602 |
| 003 |
MiAaPQ |
| 005 |
20200520144314.0 |
| 006 |
m o d | |
| 007 |
cr cnu|||||||| |
| 008 |
161205t20132013mauao ob 001 0 eng d |
| 020 |
|
|
|z 9781846319686
|
| 020 |
|
|
|a 9781781385722
|q (electronic bk.)
|
| 035 |
|
|
|a (MiAaPQ)EBC1531602
|
| 035 |
|
|
|a (Au-PeEL)EBL1531602
|
| 035 |
|
|
|a (CaPaEBR)ebr11304728
|
| 035 |
|
|
|a (CaONFJC)MIL985316
|
| 035 |
|
|
|a (OCoLC)890980920
|
| 040 |
|
|
|a MiAaPQ
|b eng
|e rda
|e pn
|c MiAaPQ
|d MiAaPQ
|
| 050 |
|
4 |
|a DT930
|b .D663 2013
|
| 082 |
0 |
|
|a 968.048
|2 23
|
| 100 |
1 |
|
|a Donaldson, Peter,
|e author.
|
| 245 |
1 |
0 |
|a Remembering the South African war :
|b Britain and the memory of the Anglo-Boer War, from 1899 to present /
|c Peter Donaldson.
|
| 264 |
|
1 |
|a Cambridge, [Massachusetts] :
|b Liverpool University Press,
|c 2013.
|
| 264 |
|
4 |
|c 2013
|
| 300 |
|
|
|a 1 online resource (194 pages) :
|b illustrations, photographs
|
| 336 |
|
|
|a text
|2 rdacontent
|
| 337 |
|
|
|a computer
|2 rdamedia
|
| 338 |
|
|
|a online resource
|2 rdacarrier
|
| 504 |
|
|
|a Includes bibliographical references and index.
|
| 588 |
|
|
|a Description based on online resource; title from PDF title page (EBL, viewed December 1, 2016).
|
| 590 |
|
|
|a Electronic reproduction. Ann Arbor, MI : ProQuest, 2016. Available via World Wide Web. Access may be limited to ProQuest affiliated libraries.
|
| 650 |
|
0 |
|a South African War,
|d 1899-1902.
|
| 655 |
|
4 |
|a Electronic books.
|
| 776 |
0 |
8 |
|i Print version:
|a Donaldson, Peter.
|t Remembering the South African war : Britain and the memory of the Anglo-Boer War, from 1899 to present.
|d Cambridge, [Massachusetts] : Liverpool University Press, c2013
|h 193 pages
|z 9781846319686
|
| 797 |
2 |
|
|a ProQuest (Firm)
|
| 856 |
4 |
0 |
|u https://ebookcentral.proquest.com/lib/matrademy/detail.action?docID=1531602
|z Click to View
|